Пятидесятилетие факультета автоматики и вычислительной техники Томского политехнического университета

Manylion Llyfryddiaeth
Awdur Corfforaethol: Национальный исследовательский Томский политехнический университет (ТПУ)
Awduron Eraill: Малышенко А. М. Александр Максимович (редактор)
Crynodeb:Описана история создания и дальнейшего развития факультета автоматики и вычислительной техники (АВТФ) Томского политехнического университета (старейшего факультета подобного профиля в Азиатской части России) за 50-летний период с 1961 по 2011 год. В книге приводятся сведения об учебной, методической и научной деятельности его кафедр, сложившихся научных школах на факультете. Приведены воспоминания преподавателей и выпускников о работе и учебе на АВТФ. Книга предназначена для многочисленных выпускников и студентов факультета, его профессорско-преподавательского и учебно-вспомогательного персонала, а также для интересующихся историей развития отечественного инженерного образования по автоматике, вычислительной и информационной технике, информационным технологиям.
Iaith:Rwseg
Cyhoeddwyd: Томск, Изд-во ТПУ, 2011
Pynciau:
Fformat: Llyfr
KOHA link:https://koha.lib.tpu.ru/cgi-bin/koha/opac-detail.pl?biblionumber=195993

MARC

LEADER 00000nam0a2200000 4500
001 195993
005 20231219143544.0
010 |a 9785982988553 
035 |a (RuTPU)RU\TPU\book\213821 
090 |a 195993 
100 |a 20110517d2011 km y0rusy50 ca 
101 0 |a rus 
102 |a RU 
105 |a ac z 011zy 
200 1 |a Пятидесятилетие факультета автоматики и вычислительной техники Томского политехнического университета  |f Национальный исследовательский Томский политехнический университет (ТПУ) ; под ред. А. М. Малышенко 
210 |a Томск  |c Изд-во ТПУ  |d 2011 
215 |a 314 с.  |c ил. 
320 |a Библиогр.: с. 313 
330 |a Описана история создания и дальнейшего развития факультета автоматики и вычислительной техники (АВТФ) Томского политехнического университета (старейшего факультета подобного профиля в Азиатской части России) за 50-летний период с 1961 по 2011 год. В книге приводятся сведения об учебной, методической и научной деятельности его кафедр, сложившихся научных школах на факультете. Приведены воспоминания преподавателей и выпускников о работе и учебе на АВТФ. Книга предназначена для многочисленных выпускников и студентов факультета, его профессорско-преподавательского и учебно-вспомогательного персонала, а также для интересующихся историей развития отечественного инженерного образования по автоматике, вычислительной и информационной технике, информационным технологиям. 
606 1 |a Томский политехнический университет  |2 stltpush  |3 (RuTPU)RU\TPU\subj\67475  |9 83260 
610 1 |a высшее образование 
610 1 |a высшее университетское образование 
610 1 |a технические университеты 
610 1 |a ТПУ 
610 1 |a Томский политехнический институт 
610 1 |a Томский политехнический университет 
610 1 |a история 
610 1 |a 20 век 
610 1 |a 21 век 
610 1 |a факультеты 
610 1 |a автоматика 
610 1 |a вычислительная техника 
610 1 |a преподаватели 
610 1 |a выпускники ТПУ 
610 1 |a Коллекция История ТПУ 
686 |a Ч484(2)72ТПУ  |2 rubbk 
702 1 |a Малышенко  |b А. М.  |c специалист в области информатики и вычислительной техники  |c профессор Томского политехнического университета, доктор технических наук  |c член-корреспондент Академии электротехнических наук РФ  |c действительный член Международной академии наук высшей школы  |f 1937-  |g Александр Максимович  |3 (RuTPU)RU\TPU\pers\21983  |4 340  |9 9294 
712 0 2 |a Национальный исследовательский Томский политехнический университет (ТПУ)  |c (2009- )  |3 (RuTPU)RU\TPU\col\15902 
801 1 |a RU  |b 63413507  |c 20110517 
801 2 |a RU  |b 63413507  |c 20210203  |g RCR 
942 |c BK